Marketingové strategie podniků na etnocentrických spotřebitelských trzích
Teoretické vymedzenie marketingových stratégií a ich klasifikácia. Pojem spotrebiteľský etnocentrizmus a aplikácia na vybrané typy marketingových stratégií. Vytvorenie rámcovej stratégie a zosúladenie funkčnej stratégie - stratégie marketingového mixu.
Gespeichert in:
| 1. Verfasser: | |
|---|---|
| Format: | Buchkapitel |
| Sprache: | Slowakisch |
| Schlagworte: | |
| Tags: |
Keine Tags, Fügen Sie das erste Tag hinzu!
|
MARC
| LEADER | 00000nla$a2200000$$$4500 | ||
|---|---|---|---|
| 001 | 0148522 | ||
| 005 | 20220718135627.1 | ||
| 041 | 0 | |a slo | |
| 044 | |a CZ | ||
| 245 | 1 | 0 | |a Marketingové strategie podniků na etnocentrických spotřebitelských trzích |c Daniela Zajková |
| 520 | |a Teoretické vymedzenie marketingových stratégií a ich klasifikácia. Pojem spotrebiteľský etnocentrizmus a aplikácia na vybrané typy marketingových stratégií. Vytvorenie rámcovej stratégie a zosúladenie funkčnej stratégie - stratégie marketingového mixu. | ||
| 610 | 2 | 0 | |a marketing |
| 610 | 2 | 0 | |a stratégia marketingová |
| 610 | 2 | 0 | |a nástroje marketingové |
| 610 | 2 | 0 | |a komunikácia marketingová |
| 610 | 2 | 0 | |a marketing mix |
| 610 | 2 | 0 | |a správanie spotrebiteľa |
| 100 | 1 | |a Zajková, Daniela | |